| 000 | 01147cam a22003254a 4500 | ||
|---|---|---|---|
| 001 | 13234172 | ||
| 003 | SISC | ||
| 005 | 20160404135249.0 | ||
| 008 | 030611s2004 paua d b 001 0 eng | ||
| 010 | _a 2003013292 | ||
| 020 | _a1590847245 | ||
| 040 |
_aDLC _cDLC _dDLC |
||
| 042 |
_apcc _alcac |
||
| 050 | 0 | 0 |
_aHV 6546 _b.M35 2004 |
| 082 | 0 | 0 |
_aHS 362.28 _bM33 2004 |
| 100 | 1 |
_aMarcovitz, Hal. _910450 |
|
| 245 | 1 | 0 |
_aTeens and suicide / _cHal Marcovitz. |
| 260 |
_aPhiladelphia : _bMason Crest Publishers, _cc2004. |
||
| 300 |
_a112 p. : _bcol. ill. ; _c25 cm. |
||
| 440 | 4 |
_aThe Gallup Youth Survey _910235 |
|
| 500 | _aIncludes bibliographical references and index. | ||
| 650 | 0 |
_aTeenagers _xSuicidal behavior _vJuvenile literature. _912181 |
|
| 650 | 0 |
_aSuicide _vJuvenile literature. _912182 |
|
| 650 | 1 |
_aSuicide. _912183 |
|
| 856 | 4 | 1 |
_3Table of contents _uhttp://www.loc.gov/catdir/toc/ecip045/2003013292.html |
| 906 |
_a7 _bcbc _corignew _d1 _eecip _f20 _gy-gencatlg |
||
| 942 |
_2lcc _cBK |
||
| 999 |
_c9019 _d9019 |
||